[Event "Sofia MGU op rapid 4th"]
[Site "Sofia"]
[Date "2017.09.22"]
[Round "5"]
[White "Doychev, Ivan"]
[Black "Doykov, Stoycho"]
[Result "0-1"]
[WhiteElo "1313"]
[BlackElo "2015"]
[PlyCount "82"]
[EventDate "2017.09.22"]
[EventType "tourn (rapid)"]
[EventRounds "6"]
[EventCountry "BUL"]
[SourceTitle "EXT 2018"]
[Source "ChessBase"]
[SourceDate "2017.10.13"]
[SourceVersion "1"]
[SourceVersionDate "2017.10.13"]
[SourceQuality "1"]

1. e4 c5 2. Nf3 d6 3. d4 cxd4 4. Nxd4 Nf6 5. Nc3 Nc6 6. Bc4 e5 7. Ndb5 a6 8. Na3 Be7 9. 0-0 b5 10. Bd5 Bb7 11. Ne2 Nxd5 12. Qxd5 0-0 13. Be3 Qc7 14. Ng3 Nd4 15. Qxd4 exd4 16. Bxd4 d5 17. Nf5 f6 18. exd5 Bxa3 19. d6 Bxd6 20. Rad1 Bxh2+ 21. Kh1 Be5 22. Bxe5 Qxe5 23. Nd6 Rad8 24. Rfe1 Rxd6 25. Rxe5 Rxd1+ 26. Kh2 fxe5 27. f3 Rd2 28. Kh3 Bxf3 29. gxf3 Rxf3+ 30. Kg4 Rf6 31. Kg3 Rd1 32. Kg2 Rd4 33. Kg3 h5 34. c3 Rg4+ 35. Kh3 Rf3+ 36. Kh2 Rd3 37. a4 Re4 38. Kg2 Re2+ 39. Kf1 Rxb2 40. Ke1 Rh3 41. axb5 Rh1# 0-1

[Event "Sofia MGU op rapid 4th"]
[Site "Sofia"]
[Date "2017.09.22"]
[Round "2"]
[White "Mladenov, Mladen"]
[Black "Doychev, Ivan"]
[Result "0-1"]
[WhiteElo "1765"]
[BlackElo "1313"]
[PlyCount "88"]
[EventDate "2017.09.22"]
[EventType "tourn (rapid)"]
[EventRounds "6"]
[EventCountry "BUL"]
[SourceTitle "EXT 2018"]
[Source "ChessBase"]
[SourceDate "2017.10.13"]
[SourceVersion "1"]
[SourceVersionDate "2017.10.13"]
[SourceQuality "1"]

1. e4 c5 2. c3 e6 3. Nf3 Nf6 4. e5 Nd5 5. d4 cxd4 6. cxd4 d6 7. Bb5+ Nc6 8. 0-0 a6 9. Ba4 b5 10. Bc2 Bb7 11. Nc3 dxe5 12. Nxe5 Nxe5 13. dxe5 Nb4 14. Qe2 Nxc2 15. Qxc2 Rc8 16. Rd1 Qb6 17. Qe2 Qc6 18. f3 Bc5+ 19. Be3 0-0 20. Bxc5 Qxc5+ 21. Kh1 Rfd8 22. Rxd8+ Rxd8 23. Ne4 Qxe5 24. Rd1 Rc8 25. Qd3 h6 26. Qd7 Rc7 27. Qd8+ Kh7 28. Nd6 Qc5 29. Nxb7 Rxb7 30. Qd3+ Qf5 31. Qc3 Rd7 32. Rc1 Qd3 33. Qe1 Qd2 34. Qxd2 Rxd2 35. Rb1 Kg6 36. Kg1 e5 37. b4 Rxa2 38. h3 Kf5 39. Kh2 Kf4 40. Rb3 f5 41. Kg1 Ra4 42. Rb1 e4 43. fxe4 g6 44. Kf1 Ke3 0-1

[Event "Sofia MGU op rapid 4th"]
[Site "Sofia"]
[Date "2017.09.22"]
[Round "4"]
[White "Shumantov, Aleksandar"]
[Black "Doychev, Ivan"]
[Result "1-0"]
[WhiteElo "1891"]
[BlackElo "1313"]
[PlyCount "63"]
[EventDate "2017.09.22"]
[EventType "tourn (rapid)"]
[EventRounds "6"]
[EventCountry "BUL"]
[SourceTitle "EXT 2018"]
[Source "ChessBase"]
[SourceDate "2017.10.13"]
[SourceVersion "1"]
[SourceVersionDate "2017.10.13"]
[SourceQuality "1"]

1. e4 c5 2. c3 e6 3. d4 cxd4 4. cxd4 Nf6 5. Bd3 Nc6 6. Nf3 Nb4 7. Nc3 Nxd3+ 8. Qxd3 Bb4 9. 0-0 b6 10. e5 Bxc3 11. exf6 gxf6 12. bxc3 Bb7 13. c4 f5 14. Bf4 Be4 15. Qe3 Rg8 16. Ng5 Bb7 17. d5 h6 18. Nf3 Qf6 19. Bxh6 Qg6 20. g3 Qg4 21. Ne5 Qh3 22. Bg5 Rh8 23. Nf3 Rc8 24. Qa3 Rc5 25. Qxa7 Rxc4 26. Qxb7 f6 27. dxe6 dxe6 28. Rac1 Rh7 29. Qb8+ Kf7 30. Rxc4 Kg6 31. Qg8+ Kh5 32. Qxh7# 1-0

[Event "Sofia MGU op 189th"]
[Site "Sofia"]
[Date "2017.09.10"]
[Round "4"]
[White "Doychev, Ivan"]
[Black "Stoyanov, Plamen"]
[Result "1-0"]
[WhiteElo "1188"]
[BlackElo "1470"]
[PlyCount "31"]
[EventDate "2017.09.09"]
[EventType "swiss"]
[EventRounds "6"]
[EventCountry "BUL"]
[SourceTitle "CBM 180 Extra"]
[Source "ChessBase"]
[SourceDate "2017.10.06"]
[SourceVersion "1"]
[SourceVersionDate "2017.10.06"]
[SourceQuality "1"]

1. e4 c6 2. d4 d5 3. exd5 cxd5 4. c4 Nf6 5. Nf3 Nc6 6. Nc3 g6 7. Bf4 a6 8. Ne5 Bg7 9. cxd5 Nxd5 10. Nxd5 Bxe5 11. dxe5 Qa5+ 12. Qd2 Qxd2+ 13. Kxd2 0-0 14. Bc4 b5 15. Bb3 Rd8 16. Ke3 1-0

[Event "Sofia MGU op 189th"]
[Site "Sofia"]
[Date "2017.09.09"]
[Round "2"]
[White "Doychev, Ivan"]
[Black "Georgiev, Nikolay"]
[Result "0-1"]
[WhiteElo "1188"]
[BlackElo "1572"]
[PlyCount "100"]
[EventDate "2017.09.09"]
[EventType "swiss"]
[EventRounds "6"]
[EventCountry "BUL"]
[SourceTitle "CBM 180 Extra"]
[Source "ChessBase"]
[SourceDate "2017.10.06"]
[SourceVersion "1"]
[SourceVersionDate "2017.10.06"]
[SourceQuality "1"]

1. e4 e5 2. Nf3 Nc6 3. Bc4 Bc5 4. 0-0 d6 5. c3 Qf6 6. d3 Bg4 7. Bg5 Qg6 8. Nbd2 Nf6 9. Qb3 Bb6 10. h3 Bxh3 11. gxh3 h6 12. Bxf7+ Qxf7 13. Qxf7+ Kxf7 14. Bh4 Nh5 15. Kh1 Nf4 16. Rg1 g5 17. Bg3 Nxd3 18. Rg2 Nxb2 19. Rag1 Raf8 20. Bh4 Rhg8 21. Bxg5 hxg5 22. Nxg5+ Ke7 23. Ndf3 Nd3 24. Rf1 Nxf2+ 25. Kh2 Be3 26. Re1 Bxg5 27. Nxg5 Nd3 28. Reg1 Nf4 29. Rg4 Ne6 30. Nxe6 Rxg4 31. Rxg4 Kxe6 32. h4 Rf4 33. Rg6+ Kf7 34. Rh6 Kg7 35. Rh5 Rxe4 36. Rg5+ Kh6 37. Kg3 Re3+ 38. Kg4 Ne7 39. Rh5+ Kg7 40. Rg5+ Kf6 41. Kh5 Rxc3 42. Kh6 e4 43. Rg4 e3 44. Re4 d5 45. Rf4+ Nf5+ 46. Kh5 e2 47. Rg4 e1Q 48. Rg6+ Kf7 49. Kg5 Qg3+ 50. Kxf5 Rf3# 0-1